The Americans:1976 (Record no. 1455)

MARC details
000 -LEADER
fixed length control field 00401nam a22001457a 4500
008 - FIXED-LENGTH DATA ELEMENTS--GENERAL INFORMATION
fixed length control field 230620b xxu||||| |||| 00| 0 eng d
020 ## - INTERNATIONAL STANDARD BOOK NUMBER
International Standard Book Number 0669001454
082 ## - DEWEY DECIMAL CLASSIFICATION NUMBER
Classification number 309.1
Item number KRI
100 ## - MAIN ENTRY--PERSONAL NAME
Titles and words associated with a name Irving Kristol
245 ## - TITLE STATEMENT
Title The Americans:1976
Remainder of title Critical Choices for Americans
Statement of responsibility, etc. volume 2
260 ## - PUBLICATION, DISTRIBUTION, ETC. (IMPRINT)
Place of publication, distribution, etc. USA
Name of publisher, distributor, etc. The third century corporation
Date of publication, distribution, etc. 1976
300 ## - PHYSICAL DESCRIPTION
Extent 370p
700 ## - ADDED ENTRY--PERSONAL NAME
Titles and other words associated with a name Paul H. Weaver
942 ## - ADDED ENTRY ELEMENTS (KOHA)
Source of classification or shelving scheme Dewey Decimal Classification
Koha item type Books
Holdings
Withdrawn status Lost status Source of classification or shelving scheme Damaged status Not for loan Home library Current library Date acquired Total Checkouts Full call number Barcode Date last seen Price effective from Koha item type
    Dewey Decimal Classification     County Hall Archives County Hall Archives 06/20/2023   309.1 KRI 10000478 06/20/2023 06/20/2023 Books
LIBRARY OPENING HOURS

When the Parliament is sitting: 8.00a.m - 7.00p.m or until the house adjourns
Mondays and Fridays and when the House is on Recess:  8.00a.m - 5.00p.m
Closed on Weekends and Public Holidays

Online Public Access Catalog (OPAC)
Website: http://www.parliament.go.ke
Bunge Library: https://libraryir.parliament.go.ke
Contact: library@parliament.go.ke | Tel no: (254-2)2221291 or 2848000 Ext 5043